000 00514nam a2200193Ia 4500
005 20260120131712.0
008 008 260114s9999 xx 000 0 eng d
020 _a9780197531501
037 _aEBOOK
040 _aCRL
_beng
_cCRL
041 _aeng
_2eng
084 _qCRL
100 _aWallace
_9930169
245 4 _aThe Culture Trap
260 _bOxford University PressOxford University Press
_c2023
856 _uhttps://academic.oup.com/book/45422
942 _cEBOOK
999 _c1522091
_d1522091